000 00504nam a2200205Ia 4500
008 170918s9999 xx 000 0 und d
020 _a9780062001771
050 _bO185 2011
100 _aO'Connor, Jane
245 _aFancy Nancy : the dazzling book report /
245 _band the mean girl /
245 _cby Jane O'Connor.
260 _aNew York :
260 _bHarper,
260 _c2011
300 _a32 pages :
300 _bcolored illustration ;
300 _c23cm.
500 _a290
999 _c342930
_d342930